[Event "DEN-ch Kort 1"]
[Site "Svendborg"]
[Date "2016.03.20"]
[Round "2"]
[White "Jensen, Jakob"]
[Black "Nielsen, Jorgen Holmstrom"]
[Result "1-0"]
[WhiteElo "1863"]
[BlackElo "1820"]
[PlyCount "139"]
[EventDate "2016.03.19"]
[EventType "swiss"]
[EventRounds "5"]
[EventCountry "DEN"]
[SourceTitle "EXT 2023"]
[Source "ChessBase"]
[SourceDate "2022.10.05"]
[SourceVersion "1"]
[SourceVersionDate "2022.10.05"]
[SourceQuality "1"]

1. d4 Nf6 2. Nf3 e6 3. e3 Be7 4. Bd3 b6 5. Nbd2 Bb7 6. 0-0 d6 7. Re1 Nbd7 8. c3 c5 9. h3 a6 10. Bc2 0-0 11. e4 e5 12. dxe5 Nxe5 13. Nxe5 dxe5 14. Qe2 b5 15. b3 Qb6 16. c4 Ne8 17. Qg4 Bc8 18. Qg3 Nc7 19. Bb2 f6 20. Rad1 Ne6 21. Qe3 Nd4 22. Bb1 Be6 23. Rc1 b4 24. Kh1 a5 25. f4 exf4 26. Qxf4 Bd6 27. Qf2 Be5 28. Nf1 Rad8 29. Ne3 g6 30. Nd5 Qd6 31. Rf1 Bg3 32. Qe3 Bh4 33. Rcd1 Bg5 34. Qd3 f5 35. Bxd4 fxe4 36. Rxf8+ Rxf8 37. Qxe4 cxd4 38. Qxd4 Rd8 39. Nf6+ Bxf6 40. Qxd6 Rxd6 41. Rxd6 Kf7 42. Ra6 Bd8 43. Ra7+ Kf6 44. Rxh7 Bf7 45. Rh8 Ke7 46. Rh4 g5 47. Rh6 Be6 48. Rh7+ Kd6 49. Kg1 Ke5 50. Kf1 Kf4 51. Rh8 Bc7 52. Rf8+ Ke5 53. Ke2 Kd6 54. Ra8 Kc5 55. Be4 Kd4 56. Bf3 Bf5 57. Ra7 Bb6 58. Rb7 Bd8 59. Kd1 Kc3 60. c5 Kb2 61. c6 Kxa2 62. Bd5 Kb2 63. c7 Bc2+ 64. Kd2 Bxc7 65. Rxc7 Bxb3 66. Bxb3 Kxb3 67. Kc1 a4 68. Kb1 a3 69. Ra7 Kc4 70. g3 1-0

[Event "DEN-ch Kort 2-2"]
[Site "Helsingor"]
[Date "2013.03.30"]
[Round "5"]
[White "Jensen, Jakob"]
[Black "Rasmussen, Henning Lau"]
[Result "1-0"]
[WhiteElo "1643"]
[BlackElo "1787"]
[PlyCount "107"]
[EventDate "2013.03.28"]
[EventType "swiss"]
[EventRounds "5"]
[EventCountry "DEN"]
[SourceTitle "EXT 2023"]
[Source "ChessBase"]
[SourceDate "2022.10.05"]
[SourceVersion "1"]
[SourceVersionDate "2022.10.05"]
[SourceQuality "1"]

1. Nf3 Nf6 2. d4 g6 3. Bg5 Bg7 4. c3 b6 5. Nbd2 Bb7 6. Qc2 d5 7. e3 Nbd7 8. Bb5 0-0 9. h4 h5 10. Bd3 Qe8 11. Bf4 c5 12. 0-0-0 Ng4 13. Rdf1 e5 14. dxe5 Ngxe5 15. Be2 Nxf3 16. Bxf3 Ne5 17. Bxe5 Qxe5 18. g4 hxg4 19. Bxg4 Bc8 20. Bxc8 Raxc8 21. Rfg1 Qh5 22. Rg5 Qh6 23. Rxd5 Rfd8 24. Qe4 Re8 25. Qg2 Rcd8 26. Rg5 Bf6 27. Rg3 Re5 28. Nf3 Red5 29. Ng5 c4 30. Qf3 Qg7 31. Ne4 Be5 32. Rg5 f6 33. Rgg1 f5 34. Ng5 Bxc3 35. Ne6 Bxb2+ 36. Kb1 Qf6 37. Nxd8 Rd2 38. Rd1 Qxd8 39. Rxd2 Qxd2 40. Rd1 Qb4 41. Qd5+ Kh7 42. Qd6 Qxd6 43. Rxd6 Bc3 44. Rd7+ Kh6 45. Rxa7 Be1 46. f3 Bf2 47. Re7 Bxh4 48. Re6 b5 49. a3 Bf2 50. Kc2 f4 51. exf4 Kg7 52. Re5 Bg3 53. Rxb5 Bxf4 54. Kc3 1-0